[Event "DEM U16 2023"]
[Site "Willingen GER"]
[Date "2023.05.31"]
[Round "6"]
[White "Bock, Marlon"]
[Black "Hecht, Jonas Christian"]
[Result "1/2-1/2"]
[Termination "normal"]
[Board "7"]
[WhiteElo "1954"]
[BlackElo "1949"]
[WhiteClock "00:12:50"]
[BlackClock "00:35:27"]
[PlyCount "118"]
[WhiteFideId "16244931"]
[BlackFideId "16214846"]
[EventCountry "GER"]
[EventRounds "9"]
[EventType "swiss"]
[EventDate "2023.05.27"]

1. d4 {[%clk 01:30:58]} {[%emt 00:00:02]} d5 {[%clk 01:30:55]} {[%emt
00:00:05]} 2. c4 {[%clk 01:31:24]} {[%emt 00:00:03]} e6 {[%clk 01:31:22]}
{[%emt 00:00:03]} 3. Nc3 {[%clk 01:31:49]} {[%emt 00:00:05]} Be7 {[%clk
01:31:49]} {[%emt 00:00:04]} 4. cxd5 {[%clk 01:29:15]} {[%emt 00:03:04]} exd5
{[%clk 01:32:14]} {[%emt 00:00:05]} 5. Nf3 {[%clk 01:27:48]} {[%emt 00:01:56]}
c6 {[%clk 01:31:03]} {[%emt 00:01:41]} 6. Bf4 {[%clk 01:27:11]} {[%emt
00:01:06]} Nf6 {[%clk 01:27:06]} {[%emt 00:04:28]} 7. e3 {[%clk 01:26:19]}
{[%emt 00:01:21]} Bg4 {[%clk 01:23:32]} {[%emt 00:04:04]} 8. h3 {[%clk
01:24:34]} {[%emt 00:02:16]} Bh5 {[%clk 01:23:05]} {[%emt 00:00:57]} 9. Be2
{[%clk 01:24:09]} {[%emt 00:00:54]} Nbd7 {[%clk 01:22:39]} {[%emt 00:00:57]}
10. O-O {[%clk 01:23:25]} {[%emt 00:01:13]} O-O {[%clk 01:22:02]} {[%emt
00:01:08]} 11. a3 {[%clk 01:19:50]} {[%emt 00:04:06]} a5 {[%clk 01:22:23]}
{[%emt 00:00:09]} 12. Rb1 {[%clk 01:17:42]} {[%emt 00:02:38]} Re8 {[%clk
01:18:17]} {[%emt 00:04:36]} 13. Ne5 {[%clk 01:12:53]} {[%emt 00:05:19]} Bxe2
{[%clk 01:18:01]} {[%emt 00:00:46]} 14. Qxe2 {[%clk 01:12:52]} {[%emt
00:00:30]} Bf8 {[%clk 01:10:05]} {[%emt 00:08:27]} 15. Rfc1 {[%clk 01:06:14]}
{[%emt 00:07:07]} Nxe5 {[%clk 01:03:05]} {[%emt 00:07:30]} 16. Bxe5 {[%clk
01:05:28]} {[%emt 00:01:16]} Nd7 {[%clk 01:02:31]} {[%emt 00:01:04]} 17. Bf4
{[%clk 01:01:02]} {[%emt 00:04:55]} Nb6 {[%clk 00:57:54]} {[%emt 00:05:08]} 18.
Qd3 {[%clk 00:52:46]} {[%emt 00:08:47]} Bd6 {[%clk 00:55:55]} {[%emt 00:02:30]}
19. Ne2 {[%clk 00:43:56]} {[%emt 00:09:19]} a4 {[%clk 00:52:14]} {[%emt
00:04:12]} 20. Bxd6 {[%clk 00:39:41]} {[%emt 00:04:44]} Qxd6 {[%clk 00:52:38]}
{[%emt 00:00:06]} 21. Nf4 {[%clk 00:39:03]} {[%emt 00:01:08]} Nc4 {[%clk
00:52:08]} {[%emt 00:01:00]} 22. Qc2 {[%clk 00:35:23]} {[%emt 00:04:10]} b5
{[%clk 00:46:02]} {[%emt 00:06:36]} 23. Nd3 {[%clk 00:33:58]} {[%emt 00:01:53]}
f6 {[%clk 00:40:47]} {[%emt 00:05:47]} 24. Qc3 {[%clk 00:32:11]} {[%emt
00:02:16]} Qe6 {[%clk 00:37:40]} {[%emt 00:03:37]} 25. Re1 {[%clk 00:28:54]}
{[%emt 00:03:47]} Qf5 {[%clk 00:36:57]} {[%emt 00:01:14]} 26. Nb4 {[%clk
00:27:03]} {[%emt 00:02:21]} Re6 {[%clk 00:34:01]} {[%emt 00:03:25]} 27. Qd3
{[%clk 00:26:11]} {[%emt 00:01:22]} Qg5 {[%clk 00:31:06]} {[%emt 00:03:26]} 28.
Re2 {[%clk 00:23:32]} {[%emt 00:03:08]} Rae8 {[%clk 00:29:31]} {[%emt
00:02:06]} 29. Rbe1 {[%clk 00:21:38]} {[%emt 00:02:25]} f5 {[%clk 00:28:39]}
{[%emt 00:01:22]} 30. Kh1 {[%clk 00:18:07]} {[%emt 00:04:00]} Rg6 {[%clk
00:28:07]} {[%emt 00:01:02]} 31. Rg1 {[%clk 00:17:46]} {[%emt 00:00:51]} Qh5
{[%clk 00:27:34]} {[%emt 00:01:03]} 32. Rge1 {[%clk 00:14:07]} {[%emt
00:04:09]} Rge6 {[%clk 00:25:54]} {[%emt 00:02:10]} 33. Na6 {[%clk 00:12:22]}
{[%emt 00:02:15]} Re4 {[%clk 00:23:38]} {[%emt 00:02:45]} 34. Nc5 {[%clk
00:10:46]} {[%emt 00:02:07]} R4e7 {[%clk 00:24:01]} {[%emt 00:00:06]} 35. Kh2
{[%clk 00:10:02]} {[%emt 00:01:13]} Nd6 {[%clk 00:21:59]} {[%emt 00:02:32]} 36.
f3 {[%clk 00:06:56]} {[%emt 00:03:36]} Qg6 {[%clk 00:19:31]} {[%emt 00:02:58]}
37. Qc2 {[%clk 00:05:23]} {[%emt 00:02:03]} h5 {[%clk 00:18:29]} {[%emt
00:01:32]} 38. Nd3 {[%clk 00:04:01]} {[%emt 00:01:53]} Nc4 {[%clk 00:17:44]}
{[%emt 00:01:13]} 39. Qc1 {[%clk 00:03:25]} {[%emt 00:01:07]} h4 {[%clk
00:16:23]} {[%emt 00:01:51]} 40. Kh1 {[%clk 00:02:33]} {[%emt 00:01:22]} Qg3
{[%clk 00:15:06]} {[%emt 00:01:47]} 41. Ne5 {[%clk 00:26:25]} {[%emt 00:06:39]}
Nxe5 {[%clk 00:43:32]} {[%emt 00:02:05]} 42. dxe5 {[%clk 00:26:49]} {[%emt
00:00:06]} Rxe5 {[%clk 00:43:56]} {[%emt 00:00:05]} 43. Qxc6 {[%clk 00:26:20]}
{[%emt 00:00:59]} d4 {[%clk 00:44:21]} {[%emt 00:00:05]} 44. f4 {[%clk
00:20:02]} {[%emt 00:06:48]} Rxe3 {[%clk 00:41:09]} {[%emt 00:03:42]} 45. Rxe3
{[%clk 00:16:23]} {[%emt 00:04:10]} Rxe3 {[%clk 00:41:26]} {[%emt 00:00:13]}
46. Rxe3 {[%clk 00:16:49]} {[%emt 00:00:03]} Qxe3 {[%clk 00:41:12]} {[%emt
00:00:45]} 47. Qc8+ {[%clk 00:17:09]} {[%emt 00:00:10]} Kf7 {[%clk 00:37:10]}
{[%emt 00:04:31]} 48. Qxf5+ {[%clk 00:17:12]} {[%emt 00:00:27]} Ke7 {[%clk
00:36:42]} {[%emt 00:00:58]} 49. Qc5+ {[%clk 00:16:36]} {[%emt 00:01:06]} Ke6
{[%clk 00:36:18]} {[%emt 00:00:53]} 50. Qxb5 {[%clk 00:14:29]} {[%emt
00:02:38]} Qc1+ {[%clk 00:36:30]} {[%emt 00:00:18]} 51. Kh2 {[%clk 00:14:35]}
{[%emt 00:00:24]} Qxf4+ {[%clk 00:36:55]} {[%emt 00:00:05]} 52. Kg1 {[%clk
00:13:42]} {[%emt 00:01:23]} Qe3+ {[%clk 00:37:11]} {[%emt 00:00:15]} 53. Kh1
{[%clk 00:13:15]} {[%emt 00:00:57]} Qe1+ {[%clk 00:37:36]} {[%emt 00:00:04]}
54. Kh2 {[%clk 00:13:40]} {[%emt 00:00:04]} Qg3+ {[%clk 00:38:04]} {[%emt
00:00:03]} 55. Kg1 {[%clk 00:13:58]} {[%emt 00:00:13]} d3 {[%clk 00:38:08]}
{[%emt 00:00:26]} 56. Qe8+ {[%clk 00:13:37]} {[%emt 00:00:50]} Kf6 {[%clk
00:37:04]} {[%emt 00:01:34]} 57. Qc6+ {[%clk 00:13:31]} {[%emt 00:00:36]} Kf5
{[%clk 00:34:43]} {[%emt 00:02:52]} 58. Qd5+ {[%clk 00:13:10]} {[%emt
00:00:51]} Kf4 {[%clk 00:35:06]} {[%emt 00:00:07]} 59. Qd4+ {[%clk 00:12:50]}
{[%emt 00:00:50]} Kg5 {[%clk 00:35:27]} {[%emt 00:00:09]} 1/2-1/2

[Event "DEM U16 2023"]
[Site "Willingen GER"]
[Date "2023.05.31"]
[Round "6"]
[White "Lübke, Florentin"]
[Black "Englert, Luca"]
[Result "1-0"]
[Termination "normal"]
[Board "8"]
[WhiteElo "1988"]
[BlackElo "2109"]
[WhiteClock "00:17:31"]
[BlackClock "00:25:01"]
[PlyCount "107"]
[WhiteFideId "16281799"]
[BlackFideId "16293088"]
[EventCountry "GER"]
[EventRounds "9"]
[EventType "swiss"]
[EventDate "2023.05.27"]

1. e4 {[%clk 01:30:57]} {[%emt 00:00:03]} c5 {[%clk 01:30:56]} {[%emt
00:00:04]} 2. Nf3 {[%clk 01:31:19]} {[%emt 00:00:09]} d6 {[%clk 01:31:21]}
{[%emt 00:00:05]} 3. Bb5+ {[%clk 01:31:45]} {[%emt 00:00:05]} Nd7 {[%clk
01:31:45]} {[%emt 00:00:05]} 4. c3 {[%clk 01:31:36]} {[%emt 00:00:39]} a6
{[%clk 01:32:09]} {[%emt 00:00:06]} 5. Ba4 {[%clk 01:31:48]} {[%emt 00:00:18]}
b5 {[%clk 01:32:34]} {[%emt 00:00:05]} 6. Bc2 {[%clk 01:32:14]} {[%emt
00:00:04]} c4 {[%clk 01:32:59]} {[%emt 00:00:05]} 7. d4 {[%clk 01:26:09]}
{[%emt 00:06:34]} cxd3 {[%clk 01:33:24]} {[%emt 00:00:05]} 8. Qxd3 {[%clk
01:26:09]} {[%emt 00:00:30]} Bb7 {[%clk 01:33:11]} {[%emt 00:00:43]} 9. Bg5
{[%clk 01:21:43]} {[%emt 00:04:56]} h6 {[%clk 01:32:34]} {[%emt 00:01:08]} 10.
Bh4 {[%clk 01:21:38]} {[%emt 00:00:34]} g5 {[%clk 01:24:42]} {[%emt 00:08:22]}
11. Bg3 {[%clk 01:22:02]} {[%emt 00:00:06]} e5 {[%clk 01:25:01]} {[%emt
00:00:11]} 12. Nbd2 {[%clk 01:16:25]} {[%emt 00:06:08]} Ngf6 {[%clk 01:24:54]}
{[%emt 00:00:37]} 13. b4 {[%clk 01:12:28]} {[%emt 00:04:27]} Nb6 {[%clk
01:12:40]} {[%emt 00:12:44]} 14. Bb3 {[%clk 01:06:38]} {[%emt 00:06:20]} Rc8
{[%clk 01:11:09]} {[%emt 00:02:01]} 15. O-O {[%clk 01:03:50]} {[%emt 00:03:18]}
Qc7 {[%clk 01:06:00]} {[%emt 00:05:40]} 16. Rac1 {[%clk 01:02:45]} {[%emt
00:01:34]} Nc4 {[%clk 01:04:21]} {[%emt 00:02:08]} 17. Bxc4 {[%clk 01:00:35]}
{[%emt 00:02:40]} bxc4 {[%clk 01:04:37]} {[%emt 00:00:14]} 18. Qc2 {[%clk
00:51:39]} {[%emt 00:09:25]} Be7 {[%clk 01:03:40]} {[%emt 00:01:28]} 19. Rfe1
{[%clk 00:50:40]} {[%emt 00:01:29]} O-O {[%clk 00:58:38]} {[%emt 00:05:32]} 20.
h3 {[%clk 00:42:04]} {[%emt 00:09:06]} Nh5 {[%clk 00:54:02]} {[%emt 00:05:06]}
21. Nf1 {[%clk 00:35:00]} {[%emt 00:07:34]} Nf4 {[%clk 00:52:33]} {[%emt
00:01:59]} 22. Bxf4 {[%clk 00:33:30]} {[%emt 00:02:00]} gxf4 {[%clk 00:52:25]}
{[%emt 00:00:39]} 23. g4 {[%clk 00:26:31]} {[%emt 00:07:29]} fxg3 {[%clk
00:46:11]} {[%emt 00:06:45]} 24. Nxg3 {[%clk 00:20:23]} {[%emt 00:06:38]} f5
{[%clk 00:46:29]} {[%emt 00:00:12]} 25. Qe2 {[%clk 00:14:40]} {[%emt 00:06:12]}
Qc6 {[%clk 00:39:09]} {[%emt 00:07:51]} 26. Nh2 {[%clk 00:13:31]} {[%emt
00:01:39]} Kh7 {[%clk 00:29:24]} {[%emt 00:10:14]} 27. Qh5 {[%clk 00:13:57]}
{[%emt 00:00:05]} fxe4 {[%clk 00:25:42]} {[%emt 00:04:12]} 28. Rxe4 {[%clk
00:13:41]} {[%emt 00:00:46]} Bg5 {[%clk 00:23:48]} {[%emt 00:02:24]} 29. Rce1
{[%clk 00:13:06]} {[%emt 00:01:06]} Rf4 {[%clk 00:20:53]} {[%emt 00:03:26]} 30.
Ng4 {[%clk 00:13:34]} {[%emt 00:00:01]} Rcf8 {[%clk 00:16:02]} {[%emt
00:05:21]} 31. h4 {[%clk 00:14:03]} {[%emt 00:00:02]} Rxe4 {[%clk 00:14:38]}
{[%emt 00:01:54]} 32. Nxe4 {[%clk 00:14:13]} {[%emt 00:00:19]} Bf4 {[%clk
00:14:01]} {[%emt 00:01:08]} 33. f3 {[%clk 00:13:23]} {[%emt 00:01:20]} Bc8
{[%clk 00:11:10]} {[%emt 00:03:21]} 34. Ng5+ {[%clk 00:11:56]} {[%emt
00:01:57]} Bxg5 {[%clk 00:10:32]} {[%emt 00:01:08]} 35. hxg5 {[%clk 00:12:25]}
{[%emt 00:00:01]} Rxf3 {[%clk 00:08:04]} {[%emt 00:02:58]} 36. Qxh6+ {[%clk
00:08:51]} {[%emt 00:04:04]} Kg8 {[%clk 00:08:33]} 37. Nf6+ {[%clk 00:08:52]}
{[%emt 00:00:29]} Kf7 {[%clk 00:08:37]} {[%emt 00:00:26]} 38. Ne4 {[%clk
00:06:57]} {[%emt 00:02:26]} Ke7 {[%clk 00:07:10]} {[%emt 00:01:57]} 39. g6
{[%clk 00:06:32]} {[%emt 00:00:55]} Be6 {[%clk 00:04:45]} {[%emt 00:02:55]} 40.
Qg5+ {[%clk 00:02:10]} {[%emt 00:04:51]} Kd7 {[%clk 00:04:56]} {[%emt
00:00:19]} 41. g7 {[%clk 00:01:26]} {[%emt 00:01:13]} Qa8 {[%clk 00:03:31]}
{[%emt 00:01:53]} 42. Qg2 {[%clk 00:26:44]} {[%emt 00:05:15]} Qa7+ {[%clk
00:31:51]} {[%emt 00:02:11]} 43. Nc5+ {[%clk 00:26:35]} {[%emt 00:00:39]} dxc5
{[%clk 00:32:06]} {[%emt 00:00:15]} 44. Qxf3 {[%clk 00:26:57]} {[%emt
00:00:07]} cxb4+ {[%clk 00:32:28]} {[%emt 00:00:08]} 45. Kh2 {[%clk 00:25:55]}
{[%emt 00:01:33]} b3 {[%clk 00:31:08]} {[%emt 00:01:51]} 46. Qf8 {[%clk
00:24:46]} {[%emt 00:01:37]} Kc6 {[%clk 00:28:14]} {[%emt 00:03:25]} 47. Rxe5
{[%clk 00:19:14]} {[%emt 00:06:02]} Qf7 {[%clk 00:25:02]} {[%emt 00:03:42]} 48.
Rxe6+ {[%clk 00:16:45]} {[%emt 00:02:59]} Qxe6 {[%clk 00:25:27]} {[%emt
00:00:06]} 49. g8=Q {[%clk 00:17:00]} {[%emt 00:00:14]} Qe5+ {[%clk 00:25:41]}
{[%emt 00:00:17]} 50. Qg3 {[%clk 00:17:01]} {[%emt 00:00:29]} Qh5+ {[%clk
00:25:55]} {[%emt 00:00:16]} 51. Kg2 {[%clk 00:17:11]} {[%emt 00:00:20]} Qe2+
{[%clk 00:25:01]} {[%emt 00:01:25]} 52. Qff2 {[%clk 00:17:29]} {[%emt
00:00:12]} Qe7 {[%clk 00:24:46]} {[%emt 00:00:45]} 53. Qgf3+ {[%clk 00:17:31]}
{[%emt 00:00:27]} Kb5 {[%clk 00:25:01]} {[%emt 00:00:16]} 54. Qd5+ {[%emt
00:01:09]} 1-0

[Event "DEM U16 2023"]
[Site "Willingen GER"]
[Date "2023.05.31"]
[Round "6"]
[White "Honisch, Alexander"]
[Black "Heinisch, Niklas"]
[Result "0-1"]
[Termination "normal"]
[Board "9"]
[WhiteElo "2057"]
[BlackElo "1903"]
[WhiteClock "00:32:00"]
[BlackClock "00:32:48"]
[PlyCount "100"]
[WhiteFideId "16298594"]
[BlackFideId "16295080"]
[EventCountry "GER"]
[EventRounds "9"]
[EventType "swiss"]
[EventDate "2023.05.27"]

1. e4 {[%clk 01:30:50]} {[%emt 00:00:10]} c6 {[%clk 01:30:56]} {[%emt
00:00:04]} 2. Nc3 {[%clk 01:30:28]} {[%emt 00:00:51]} d5 {[%clk 01:31:00]}
{[%emt 00:00:27]} 3. Nf3 {[%clk 01:29:57]} {[%emt 00:01:01]} Bg4 {[%clk
01:29:29]} {[%emt 00:02:01]} 4. h3 {[%clk 01:29:14]} {[%emt 00:01:12]} Bxf3
{[%clk 01:29:51]} {[%emt 00:00:09]} 5. Qxf3 {[%clk 01:29:24]} {[%emt 00:00:20]}
e6 {[%clk 01:29:36]} {[%emt 00:00:45]} 6. d4 {[%clk 01:29:03]} {[%emt
00:00:50]} dxe4 {[%clk 01:29:11]} {[%emt 00:00:56]} 7. Qxe4 {[%clk 01:28:53]}
{[%emt 00:00:40]} Nf6 {[%clk 01:26:43]} {[%emt 00:02:57]} 8. Qd3 {[%clk
01:28:12]} {[%emt 00:01:10]} Nbd7 {[%clk 01:07:50]} {[%emt 00:19:23]} 9. Be2
{[%clk 01:24:41]} {[%emt 00:04:01]} Qc7 {[%clk 01:04:00]} {[%emt 00:04:20]} 10.
O-O {[%clk 01:16:25]} {[%emt 00:08:47]} Bd6 {[%clk 00:57:55]} {[%emt 00:06:35]}
11. Ne4 {[%clk 01:08:02]} {[%emt 00:08:53]} Nxe4 {[%clk 00:56:50]} {[%emt
00:01:35]} 12. Qxe4 {[%clk 01:08:03]} {[%emt 00:00:28]} Nf6 {[%clk 00:56:56]}
{[%emt 00:00:25]} 13. Qf3 {[%clk 01:05:33]} {[%emt 00:03:00]} O-O {[%clk
00:43:13]} {[%emt 02:43:04]} 14. Bd3 {[%clk 00:55:56]} Nd7 {[%clk 00:28:47]}
15. Be3 {[%clk 00:35:15]} e5 {[%clk 00:18:06]} 16. Rfe1 {[%clk 00:33:40]} Rae8
{[%clk 00:10:39]} 17. Bf5 {[%clk 00:17:22]} Re7 {[%clk 00:06:45]} 18. Bg5
{[%clk 00:11:51]} f6 {[%clk 00:06:45]} 19. dxe5 {[%clk 00:09:25]} Nxe5 {[%clk
00:06:26]} 20. Qb3+ {[%clk 00:09:44]} Kh8 {[%clk 00:06:46]} 21. Be3 {[%clk
00:09:07]} Rfe8 {[%clk 00:06:28]} 22. Rad1 {[%clk 00:08:07]} Nd7 {[%clk
00:06:19]} 23. Qd3 {[%clk 00:07:21]} Bb4 {[%clk 00:05:03]} 24. c3 {[%clk
00:05:10]} Ne5 {[%clk 00:05:26]} 25. Qe4 {[%clk 00:03:45]} Ba5 {[%clk
00:05:37]} 26. Bxh7 {[%clk 00:02:05]} Bb6 {[%clk 00:05:43]} 27. Qh4 {[%clk
00:01:00]} g5 {[%clk 00:05:16]} 28. Qh5 {[%clk 00:01:15]} Kg7 {[%clk 00:04:51]}
29. Bf5 {[%clk 00:01:09]} Rh8 {[%clk 00:03:57]} 30. Qe2 {[%clk 00:01:13]} Rhe8
{[%clk 00:04:04]} 31. Qh5 {[%clk 00:01:27]} Rh8 {[%clk 00:04:29]} 32. Qe2
{[%clk 00:00:52]} Rhe8 {[%clk 00:04:57]} 33. Bxb6 axb6 {[%clk 00:03:57]} 34.
Qd2 {[%clk 00:00:36]} b5 {[%clk 00:03:43]} 35. b3 {[%clk 00:00:44]} Qa5 {[%clk
00:03:40]} 36. Re3 {[%clk 00:00:41]} Nf7 {[%clk 00:03:33]} 37. Be4 {[%clk
00:00:38]} Rxe4 {[%clk 00:03:52]} 38. Rf3 {[%clk 00:00:45]} Rd8 {[%clk
00:03:33]} 39. Qc2 {[%clk 00:01:09]} Rxd1+ {[%clk 00:03:51]} 40. Qxd1 {[%clk
00:01:36]} Qd8 {[%clk 00:03:33]} 41. Qc2 {[%clk 00:28:25]} Re1+ {[%clk
00:33:23]} 42. Kh2 {[%clk 00:28:52]} Qd6+ {[%clk 00:33:27]} 43. g3 {[%clk
00:29:18]} Qd1 {[%clk 00:33:17]} 44. Qxd1 Rxd1 {[%clk 00:33:39]} 45. Kg2 {[%clk
00:29:53]} Ne5 {[%clk 00:32:56]} 46. Re3 {[%clk 00:30:16]} Kf7 {[%clk
00:32:28]} 47. f4 {[%clk 00:30:41]} Rd2+ {[%clk 00:32:23]} 48. Kf1 {[%clk
00:31:07]} gxf4 {[%clk 00:32:38]} 49. gxf4 {[%clk 00:31:34]} Ng6 {[%clk
00:32:44]} 50. f5 {[%clk 00:32:00]} Ne7 {[%clk 00:32:48]} 0-1

[Event "DEM U16 2023"]
[Site "Willingen GER"]
[Date "2023.05.31"]
[Round "6"]
[White "Reichmann, Felix"]
[Black "Ohler, Julius"]
[Result "1/2-1/2"]
[Termination "normal"]
[Board "10"]
[WhiteElo "1976"]
[BlackElo "2220"]
[WhiteClock "00:52:08"]
[BlackClock "01:08:29"]
[PlyCount "58"]
[WhiteFideId "16238290"]
[BlackFideId "16238982"]
[EventCountry "GER"]
[EventRounds "9"]
[EventType "swiss"]
[EventDate "2023.05.27"]

1. c4 {[%clk 01:30:56]} {[%emt 00:00:03]} e5 {[%clk 01:30:42]} {[%emt
00:00:19]} 2. Nc3 {[%clk 01:30:33]} {[%emt 00:00:53]} Nf6 {[%clk 01:31:07]}
{[%emt 00:00:05]} 3. Nf3 {[%clk 01:30:45]} {[%emt 00:00:18]} Nc6 {[%clk
01:31:32]} {[%emt 00:00:05]} 4. g3 {[%clk 01:25:15]} {[%emt 00:05:59]} Bc5
{[%clk 01:29:03]} {[%emt 00:02:59]} 5. Bg2 {[%clk 01:25:12]} {[%emt 00:00:33]}
d6 {[%clk 01:29:30]} {[%emt 00:00:04]} 6. b3 {[%clk 01:19:58]} {[%emt
00:05:44]} O-O {[%clk 01:27:17]} {[%emt 00:02:42]} 7. O-O {[%clk 01:19:48]}
{[%emt 00:00:41]} a6 {[%clk 01:25:54]} {[%emt 00:01:53]} 8. Bb2 {[%clk
01:19:51]} {[%emt 00:00:26]} Bf5 {[%clk 01:22:33]} {[%emt 00:03:51]} 9. d3
{[%clk 01:19:09]} {[%emt 00:01:13]} Qd7 {[%clk 01:21:52]} {[%emt 00:01:11]} 10.
e3 {[%clk 01:12:33]} {[%emt 00:07:06]} Bh3 {[%clk 01:12:26]} {[%emt 00:09:56]}
11. d4 {[%clk 01:10:34]} {[%emt 00:02:28]} Bxg2 {[%clk 01:12:32]} {[%emt
00:00:24]} 12. Kxg2 {[%clk 01:11:00]} {[%emt 00:00:05]} exd4 {[%clk 01:12:47]}
{[%emt 00:00:16]} 13. exd4 {[%clk 01:10:45]} {[%emt 00:00:44]} Ba7 {[%clk
01:13:10]} {[%emt 00:00:07]} 14. d5 {[%clk 01:08:30]} {[%emt 00:02:45]} Ne7
{[%clk 01:11:26]} {[%emt 00:02:14]} 15. Ne2 {[%clk 01:06:18]} {[%emt 00:02:42]}
Ng6 {[%clk 01:08:29]} {[%emt 00:03:27]} 16. h3 {[%emt 00:14:40]} Ne4 17. Ned4
Rfe8 18. Re1 Re7 19. Re2 Rae8 20. Qd3 Nc5 21. Qc2 Rxe2 22. Nxe2 Ne4 23. Bd4
Bxd4 24. Nexd4 Nf6 25. Qd2 b5 26. Qa5 bxc4 27. bxc4 Qc8 28. Rb1 Nh5 29. Re1
{[%clk 00:52:08]} Rxe1 1/2-1/2

[Event "DEM U16 2023"]
[Site "Willingen GER"]
[Date "2023.05.31"]
[Round "6"]
[White "Schulz, Bruno Andreas"]
[Black "Fuhrmann, Bahne"]
[Result "0-1"]
[Termination "normal"]
[Board "11"]
[WhiteElo "1796"]
[BlackElo "2066"]
[WhiteClock "01:23:50"]
[BlackClock "00:44:28"]
[PlyCount "88"]
[WhiteFideId "34618473"]
[BlackFideId "16244842"]
[EventCountry "GER"]
[EventRounds "9"]
[EventType "swiss"]
[EventDate "2023.05.27"]

1. d4 {[%clk 01:30:55]} {[%emt 00:00:04]} Nf6 {[%clk 01:30:57]} 2. c4 {[%clk
01:31:22]} {[%emt 00:00:06]} g6 {[%clk 01:31:23]} {[%emt 00:00:04]} 3. Nc3
{[%clk 01:31:50]} {[%emt 00:00:03]} d5 {[%clk 01:31:50]} {[%emt 00:00:04]} 4.
Bf4 {[%clk 01:31:56]} {[%emt 00:00:23]} Bg7 {[%clk 01:32:15]} {[%emt 00:00:04]}
5. e3 {[%clk 01:32:21]} {[%emt 00:00:05]} c5 {[%clk 01:32:33]} {[%emt
00:00:12]} 6. dxc5 {[%clk 01:32:27]} {[%emt 00:00:24]} Qa5 {[%clk 01:32:38]}
{[%emt 00:00:26]} 7. Qd2 {[%clk 01:32:16]} {[%emt 00:00:41]} dxc4 {[%clk
01:31:02]} {[%emt 00:02:05]} 8. Bxc4 {[%clk 01:32:35]} {[%emt 00:00:11]} O-O
{[%clk 01:30:16]} {[%emt 00:01:16]} 9. Ne4 {[%clk 01:32:01]} {[%emt 00:01:05]}
Qxd2+ {[%clk 01:29:08]} {[%emt 00:01:37]} 10. Nxd2 {[%clk 01:32:21]} {[%emt
00:00:09]} Nfd7 {[%clk 01:29:25]} {[%emt 00:00:14]} 11. Rb1 {[%clk 01:31:49]}
{[%emt 00:01:02]} Nxc5 {[%clk 01:29:12]} {[%emt 00:00:42]} 12. Ngf3 {[%clk
01:31:56]} {[%emt 00:00:23]} Bf5 {[%clk 01:28:38]} {[%emt 00:01:05]} 13. e4
{[%clk 01:30:00]} {[%emt 00:02:25]} Nxe4 {[%clk 01:28:08]} {[%emt 00:01:00]}
14. Nxe4 {[%clk 01:29:09]} {[%emt 00:01:21]} Bxe4 {[%clk 01:28:30]} {[%emt
00:00:07]} 15. Rd1 {[%clk 01:29:34]} {[%emt 00:00:05]} Nc6 {[%clk 01:25:20]}
{[%emt 00:03:40]} 16. O-O {[%clk 01:29:46]} {[%emt 00:00:19]} Bxb2 {[%clk
01:24:49]} {[%emt 00:01:02]} 17. Rfe1 {[%clk 01:29:45]} {[%emt 00:00:31]} Bxf3
{[%clk 01:24:42]} {[%emt 00:00:36]} 18. gxf3 {[%clk 01:30:10]} {[%emt
00:00:05]} e5 {[%clk 01:24:07]} {[%emt 00:01:05]} 19. Bh6 {[%clk 01:30:27]}
{[%emt 00:00:12]} Rfd8 {[%clk 01:22:21]} {[%emt 00:02:16]} 20. Rb1 {[%clk
01:30:42]} {[%emt 00:00:15]} Bc3 {[%clk 01:12:50]} {[%emt 00:10:02]} 21. Rxb7
{[%clk 01:24:01]} {[%emt 00:07:11]} Na5 {[%clk 00:49:26]} {[%emt 00:23:54]} 22.
Bxf7+ {[%clk 01:24:03]} {[%emt 00:00:28]} Kh8 {[%clk 00:49:51]} {[%emt
00:00:05]} 23. Rc7 {[%clk 01:23:50]} {[%emt 00:00:44]} Bxe1 {[%clk 00:44:28]}
{[%emt 00:05:52]} 24. Bg5 Rd6 {[%clk 00:44:28]} 25. Be7 Rb6 {[%clk 00:44:28]}
26. Bd5 Rab8 {[%clk 00:44:28]} 27. Bg5 Rd6 {[%clk 00:44:28]} 28. Bf7 Rb7 {[%clk
00:44:28]} 29. Rc8+ Kg7 {[%clk 00:44:28]} 30. Bg8 h6 {[%clk 00:44:28]} 31. Bh4
Nc6 {[%clk 00:44:28]} 32. Bc4 Ne7 {[%clk 00:44:28]} 33. Re8 Nf5 {[%clk
00:44:28]} 34. Rg8+ Kh7 {[%clk 00:44:28]} 35. Bd8 Rb8 {[%clk 00:44:28]} 36. Rf8
Rbxd8 {[%clk 00:44:28]} 37. Rf7+ Ng7 {[%clk 00:44:28]} 38. Rxa7 Rd2 {[%clk
00:44:28]} 39. Kg2 Bxf2 {[%clk 00:44:28]} 40. Rf7 Be3+ {[%clk 00:44:28]} 41.
Kh3 Bf4 {[%clk 00:44:28]} 42. Kg4 Rg2+ {[%clk 00:44:28]} 43. Kh4 Rxh2+ {[%clk
00:44:28]} 44. Kg4 h5# {[%clk 00:44:28]} 0-1